000 00447nam a2200181Ia 4500
001 9774
005 20260306161743.0
008 260306t2006||||xx |||||||||||||| ||spa||
041 _aESP
082 _a418.4071
_bG72
100 _aGonzález Pinzón, Blanca Yaneth
_eAUT
245 0 _a¿Cómo elaborar una ficha de lectura?
260 _c2006
300 _a96 páginas :
_c21 cm.
650 _aGEN
654 _aCHU
942 _cLIB
_dJUS
_fJUS
_2ddc
_n
999 _c9774
_d9774